000 00589nam a2200229Ia 4500
003 OSt
005 20220928112053.0
006 a|||||r|||| 00| 0
007 ta
008 220927b |||||||| |||| 00| 0 eng d
024 _a29404
037 _cTextual
040 _aSDCL
_cSDCL
_beng
041 _2eng
_aeng
082 _aG111, M3
100 _aRobertson R N
_9426139
245 0 _aLively membranes.
260 _aCambeidge
_bCambridge University Press
_c1983
300 _aix,206p
_ccm.
942 _hG111, M3
_cTEXL
_2CC
999 _c743137
_d743137